Nadodi kaivela = നാടോടികൈവേല (Record no. 298089)

MARC details
000 -LEADER
fixed length control field 00485nam a22001937a 4500
003 - CONTROL NUMBER IDENTIFIER
control field OSt
005 - DATE AND TIME OF LATEST TRANSACTION
control field 20250801152814.0
008 - FIXED-LENGTH DATA ELEMENTS--GENERAL INFORMATION
fixed length control field 240723b |||||||| |||| 00| 0 eng d
020 ## - INTERNATIONAL STANDARD BOOK NUMBER
International Standard Book Number 81-264-0752-2
040 ## - CATALOGING SOURCE
Transcribing agency .
082 ## - DEWEY DECIMAL CLASSIFICATION NUMBER
Classification number 398.2 DIL/NA
100 ## - MAIN ENTRY--PERSONAL NAME
Personal name Dileep Kumar, K.P.
245 ## - TITLE STATEMENT
Title Nadodi kaivela = നാടോടികൈവേല
260 ## - PUBLICATION, DISTRIBUTION, ETC. (IMPRINT)
Place of publication, distribution, etc. Kottayam
Name of publisher, distributor, etc. DC books
Date of publication, distribution, etc. 2008
300 ## - PHYSICAL DESCRIPTION
Extent 142
500 ## - GENERAL NOTE
General note natarivukal
700 ## - ADDED ENTRY--PERSONAL NAME
Personal name Dhileep Kumar, K.P.
942 ## - ADDED ENTRY ELEMENTS (KOHA)
Koha item type Books (General)
Source of classification or shelving scheme Dewey Decimal Classification
Holdings
Withdrawn status Lost status Source of classification or shelving scheme Damaged status Not for loan Home library Current library Date acquired Total Checkouts Full call number Barcode Date last seen Price effective from Koha item type
    Dewey Decimal Classification     College of Agriculture, Padannakkad College of Agriculture, Padannakkad 19/12/2014   398.2 DIL/NA KAU_COAP-02481 19/12/2014 19/12/2014 Books (General)
    Dewey Decimal Classification     College of Agriculture, Padannakkad College of Agriculture, Padannakkad 19/12/2014   398.2 DIL/NA KAU_COAP-02480 19/12/2014 19/12/2014 Books (General)
Kerala Agricultural University Central Library
Thrissur-(Dt.), Kerala Pin:- 680656, India
Ph : (+91)(487) 2372219
E-mail: librarian@kau.in
Website: http://library.kau.in/